Đặc điểm lời thoại nhân vật nam, nữ qua hò Đồng Tháp Luận văn thạc sĩ Ngữ văn Chuyên ngành: ngôn ngữ Việt Nam. Mã số: 8.22.01.02

Đã lưu trong:
Bibliografiske detaljer
Hovedforfatter: Võ, Thị Hoài Thương
Andre forfattere: Trần, Thanh Vân (Hướng dẫn)
Format: Pakke Bog
Udgivet: Đồng Tháp Đại học Đồng Tháp 2020
Fag:
Tags: Tilføj Tag
Ingen Tags, Vær først til at tagge denne postø!
Thư viện lưu trữ: Trung tâm Học liệu Lê Vũ Hùng, Trường Đại học Đồng Tháp
LEADER 01152ppm a22002538a 4500
001 00046409
005 20210127090114.0
008 170228s2013 ||||||Viesd
041 0 # |a Vie 
082 1 4 |a 495.922  |b Đ113Đ 
100 1 # |a Võ, Thị Hoài Thương 
245 0 0 |a Đặc điểm lời thoại nhân vật nam, nữ qua hò Đồng Tháp  |b Luận văn thạc sĩ Ngữ văn Chuyên ngành: ngôn ngữ Việt Nam. Mã số: 8.22.01.02  |c Võ Thị Hoài Thương ; Trần Thanh Vân (hướng dẫn) 
260 # # |b Đại học Đồng Tháp  |c 2020  |a Đồng Tháp 
300 # # |a 114 tr. + phụ lục  |c 30 cm.  |e 1 bản tóm tắt 
500 # # |a ĐTTS ghi: Bộ giáo dục và đào tạo. Trường Đại học Đồng Tháp 
653 # # |a Hò Đồng Tháp 
653 # # |a Đặc điểm 
653 # # |a Nhân vật 
653 # # |a Luận văn 
653 # # |a Lời thoại 
700 1 # |a Trần, Thanh Vân  |e Hướng dẫn 
852 # # |j LV.0002120 
910 # # |d 26/01/2021 
980 # # |a Trung tâm Học liệu Lê Vũ Hùng, Trường Đại học Đồng Tháp